=LDR 00000nam 2200000 4500 =001 INLIS000000000023367 =005 20130612122035 =008 ***********************************Ind** =035 ##$$0010-061300000023367 =041 ##$$a Ind =082 ##$$a 392.6 =090 ##$$a 392.6, Kok k =100 ##$$a Shakokken =245 ##$$a Keluarga berencana dan sex yang bahagia, Shakokken =260 ##$$a 2002 $b Surabaya =300 ##$$a 127 hlm, 20 cm =650 ##$$a Sex yang bahagia =850 ##$$a NBPNMAT